[Event "Chigorin Memorial 07th"]
[Site "St Petersburg"]
[Date "1999.11.02"]
[Round "1"]
[White "Fominyh, Alexander"]
[Black "Orlov, Andrey"]
[Result "1/2-1/2"]
[WhiteElo "2552"]
[BlackElo "2360"]
[Annotator "Alterman,B"]
[PlyCount "173"]
[EventDate "1999.11.02"]
[EventType "swiss"]
[EventRounds "9"]
[EventCountry "RUS"]
[SourceTitle "CBM 074"]
[Source "ChessBase"]
[SourceDate "2000.02.01"]
[SourceVersion "1"]
[SourceVersionDate "2000.02.01"]
[SourceQuality "1"]

1. d4 Nf6 2. Nf3 (2. Nc3 c5 3. d5 e5 4. e4 d6 5. Nf3 g6 (5... Na6 6. Bb5+ Bd7
7. a4 $14 (7. O-O Nc7 8. Bxd7+ (8. Qd3 $2 Nxb5 (8... a6 $2 9. Bxd7+ Qxd7 10.
Re1 $14 {1-0 Rhinehart,J-Zavitsanos,A/IECG Cat-F (m/5325/01) 1996 (48)}) 9.
Nxb5 Nxe4 $17) 8... Qxd7 9. a4 $14)) (5... Bd7 6. a4 Be7 7. Bb5 O-O 8. O-O Na6
9. Bxd7 Nxd7 10. Nd2 Nc7 11. Nc4 a6 12. a5 $14 {1/2-1/2 Meulner Klaus-Palek
Miroslav/Bayern LL-N9495 1994 (26)}) 6. Be2 Bg7 7. O-O O-O 8. Nd2 (8. Bg5 h6 9.
Bh4 Na6 10. Nd2 Nc7 11. a4 b6 12. a5 $14 {0-1 Malisov-Liberzon,V/Daugava 1966 
(38)} (12. Rb1 Qd7 13. b4 cxb4 14. Rxb4 Nh5 15. Bxh5 gxh5 16. Qxh5 Na6 17. Rb3
Nc5 18. Ra3 Ba6 19. Re1 $16 {1/2-1/2 Holmov-Velimirovic/Belgrade 1963 (53)})) (
8. a4 Na6 9. Nd2 Nc7 10. Nc4 Nfe8 11. f4 f6 12. f5 $14 {0-1 Mestel,J-Kagan,S/
Hastings 1977 (52)}) 8... Nbd7 (8... Ne8 9. Nc4 Nd7 10. a4 $14 (10. Be3 Nb6 11.
Qd2 Nxc4 12. Bxc4 a6 13. a4 Qa5 14. Nd1 Qxd2 15. Bxd2 b6 $11 {1/2-1/2
Porath-Janovski/Tel Aviv olm ISR-KAN 1964 (30)})) (8... a6 9. a4 h6 10. Nc4 Ne8
11. f4 $1 exf4 12. Bxf4 b6 13. Qd2 Kh7 14. e5 $16 {1-0 Rashkovsky,N-Pelitz/RUS/
K 1974 (33)}) 9. a4 Ne8 (9... a6 10. Nc4 Nb6 11. Ne3 Bd7 12. Bd2 Ne8 13. a5 Nc8
14. Qb1 f5 15. b4 $14 {1-0 Bondarevsky,I-Matulovic,M/Sochi 1964 (42)}) 10. Nc4
Nb6 11. Ne3 f5 12. exf5 gxf5 13. a5 Nd7 14. Nc4 Qh4 15. f3 a6 16. Be3 $14 {
0-1 Sakharov,Y-Ostrovsky/RUS zt 1960 (30)}) 2... c5 3. d5 e6 4. Nc3 d6 (4...
exd5 {main line}) 5. e4 e5 $6 {Black received theoretical position without
tempo.However, in positions of a closed type it not so essentially.} (5... exd5
$5) 6. a4 g6 7. a5 Bg7 8. Bb5+ Nbd7 $6 (8... Bd7 $142 9. Nd2 (9. Bxd7+ Qxd7 10.
O-O O-O 11. Nd2 Nh5 12. Nc4 Na6 13. Re1 $14) 9... O-O 10. O-O Bxb5 11. Nxb5 Ne8
12. Nc4 f5 13. f3 Qd7 14. Nc3 Na6 $14) 9. a6 $1 $14 {(+/-)} O-O (9... bxa6 10.
Bxa6 O-O 11. Bxc8 Qxc8 12. O-O $16) 10. O-O Ne8 (10... Qb6 11. Nd2 bxa6 12. Nc4
Qc7 13. Bxa6 $16) 11. axb7 Bxb7 12. Nd2 a6 13. Be2 f5 14. Nc4 Nb6 (14... fxe4
15. Na5 Qc7 16. Nxb7 Qxb7 17. Nxe4 Ndf6 18. f3 (18. Nxf6+ Nxf6 19. c4 $16)
18... Qb6 19. Bc4 Nxe4 20. fxe4 Rxf1+ 21. Qxf1 Nf6 22. Qe2 $16) 15. Na5 Qc7 $6
(15... Bc8 $5 16. Nc6 $14) 16. f3 $6 (16. Nxb7 $1 Qxb7 17. f3 $16) 16... Nf6 $6
$16 (16... Bc8 $14) 17. Nxb7 Qxb7 18. Be3 (18. b3 $16) 18... Nh5 19. Re1 (19.
exf5 gxf5 20. Qd2 Nf6 (20... Nf4 21. Bxf4 exf4 22. Qxf4 $16) 21. Rfd1 e4 22.
Bf4 $16 (22. fxe4 Nxe4 23. Nxe4 fxe4 24. Ra2 $16 {[%csl Ra6,Ge2,Ge3,Re4]}))
19... Nd7 (19... Nf4 20. Bf1 $16) 20. b3 (20. exf5 $5 {Why to not open the
game fot par of bishops?} gxf5 21. Ra3 Nb6 22. Qa1 (22. Qd2 Nf6 23. Rea1 c4 (
23... a5 24. Rxa5 Rxa5 25. Rxa5 $16) 24. Ra5 $16) 22... Nf6 23. Qa2 Qf7 24. Rd1
$16 {[%csl Ra6,Gd5]}) 20... Ndf6 21. Ra4 (21. Qd2 $16) 21... Ne8 (21... fxe4
22. fxe4 Nf4 23. Bc4 Bh6 24. Kh1 Bg5 (24... Qd7 25. Rxa6 Rxa6 26. Bxa6 Ng4 27.
Bg1 $16) 25. Bf1 $16 {[%csl Ra6]}) 22. Na2 (22. Qd2 Nc7 23. exf5 gxf5 24. Bc4
$16) 22... Bf6 23. Bf2 $5 (23. exf5 gxf5 24. b4 Bh4 25. g3 f4 26. bxc5 Bxg3 27.
hxg3 fxe3 28. c6 $16) 23... Bd8 24. g3 (24. exf5 gxf5 25. Be3 $16) 24... Nhf6 (
24... fxe4 25. fxe4 Nef6 26. Nc3 Qc8 27. Be3 Qh3 28. Bf1 Qc8 29. Qe2 $14) 25.
Qd3 (25. exf5 $5 $16) 25... fxe4 26. fxe4 Bb6 27. c4 (27. Rf1 $143 Nc7 28. Be3
Rf7 29. Kg2 Nb5 30. c3 $16) 27... a5 28. Nc3 Nc7 29. Bf3 (29. Be3 $16) (29. Rf1
$14) 29... Qc8 30. Kg2 (30. Rf1 $16) 30... Qd7 31. Qe2 h5 32. Be3 Ng4 33. Bg1
$5 (33. Bxg4 $6 hxg4 (33... Qxg4 34. Qxg4 hxg4 35. Nd1 Ne8 36. Nf2 Nf6 37. Bg5
$16) 34. Nd1 (34. Raa1 Rf3 35. Na4 Ba7 36. Rf1 Raf8 37. Bd2 Rxb3 (37... Qh7 38.
Bxa5 Qh3+ 39. Kg1 $16) 38. Rxf8+ Kxf8 39. Bxa5 Na6 40. Nc3 Nb4 41. Nb5 Bb8 42.
Bxb4 Rxb4 43. Ra8 Qb7 44. Ra2 $14 (44. Rxb8+ $2 Qxb8 45. Qxg4 Rxc4 $19) (44.
Qa2 Kg7 45. Ra6 $14)) 34... Rf3 35. Nf2 Raf8 $14) 33... Rf7 34. Rf1 Raf8 35.
Raa1 Na6 36. h3 (36. Bxg4 hxg4 37. Rxf7 Rxf7 38. Rf1 Rxf1 39. Kxf1 $16 {
[%csl Ra5,Rg4]}) 36... Nf6 37. Be3 Kh7 38. Rf2 (38. g4 hxg4 39. Bxg4 Nxg4 40.
Rxf7+ Qxf7 41. hxg4 Nb4 42. Nb5 Qf6 43. Rf1 (43. Rh1+ Kg8) 43... Qxf1+ 44. Qxf1
Rxf1 45. Kxf1 Nc2 46. Bg5 (46. Ke2 $2 Na1 47. Nxd6 Nxb3 48. Nf7 a4 49. Bd2 a3
50. Bc3 Ba5 $1 $19) (46. Bd2 Na1 47. Nxd6 Nxb3 48. Bc3 a4 49. Nb5 Kh6 50. Bxe5
Nd2+ (50... Kg5 51. Ke2 Kxg4 52. Bb2 g5 53. e5 $18) 51. Ke2 Nxe4 52. Ke3 Ng5
53. Bf4 Bd8 54. Kd3 (54. Bd6 Bb6 (54... Nf7 55. Bxc5 Ne5 56. Nd6 Kg5 57. Ke4
Nd7 58. Ba3 $16)) 54... Kg7 55. Nc3 a3 56. Bc1 $16) 46... Na1 47. Nxd6 Nxb3 48.
Nb5 (48. Nc8 $2 a4 49. Nxb6 a3 50. Bc1 Nxc1 51. d6 a2 52. d7 a1=Q 53. d8=Q Nd3+
$19) 48... a4 49. Ke2 Kg7 50. d6 Na5 51. Kd3 Kf7 52. d7 Nc6 53. Nc3 a3 54. Bc1
Nb4+ 55. Ke2 a2 56. Nxa2 Nxa2 57. Bg5 $11) 38... Bd8 39. Raf1 Ng8 40. Qd2 Nc7
41. Bd1 Rxf2+ 42. Rxf2 Rxf2+ 43. Qxf2 Nf6 44. Bd2 Na6 45. Qe3 Kg8 46. Ne2 $2 ({
Why white N goes back if it is possible to go forward?} 46. Nb5 $1 {[%csl Rd6]
[%cal Ge3h6]} Nc7 (46... Nb4 47. Qh6 $18 {[%csl Rd6,Rg6]}) (46... Kf7 47. Qh6
Nc7 48. Nxc7 Bxc7 49. g4 $1 Qe7 (49... hxg4 50. Bxg4 Nxg4 51. Qh7+ Ke8 52. Qg8+
Ke7 53. Bg5+ Nf6 54. Qxg6 $18) 50. gxh5 Nxh5 51. Bxh5 gxh5 52. Bg5 $18) (46...
Nh7 47. Qh6 Nf8 48. g4 hxg4 49. Bxg4 Qe7 50. h4 $1 Qxh4 $8 51. Qxh4 Bxh4 52.
Nxd6 $18) 47. Nxc7 Qxc7 48. Qg5 (48. Bc3 Nh7 49. g4 $16) 48... Qg7 49. Bc2 Be7
50. Bxa5 Nxe4 51. Qe3 $16) (46. Qh6 $2 Qg7) 46... Nh7 {[%cal Gd8g5] The
indecision will be expensive cost to white} 47. Qh6 (47. h4 Nb4 48. Nc3 Bf6 49.
Nb5 Bg7 $14 {[%csl Gh6]}) 47... Qg7 48. Qxg7+ Kxg7 $11 49. Nc3 Ng5 50. h4 Nf7
51. Kf1 (51. Nb5 Nb4 52. Kh3 Nd3 53. Be3 {[%cal Gg3g4]} Nb4 54. g4 hxg4+ 55.
Bxg4 Nc2 56. Bd2 Nd4 57. Bd1 $11 (57. Bc3 Kf6 (57... Nxb3 58. Nxd6 a4 59. Bd1
Ba5 60. Bb2 a3 61. Bxa3 Nxd6 62. Bxb3 Nxe4 63. Bc2 Nd6 $11) 58. Bd1 $11)) 51...
Nb4 52. Be3 Nh6 (52... Be7 $11 {[%cal Ge7f8,Gf8h6]}) 53. Ke1 Nf7 54. Kd2 Kf8
55. Be2 Ke8 56. Bf1 Be7 57. Kc1 Bf8 58. Kb2 {The travel of the king on
opposite side is simplly a loss of time. However white already have lost
advantage.} Bh6 59. Bf2 Ke7 60. Be2 (60. Ka3 $6 Bd2 61. Kb2 (61. Nb5 Nh6 62.
Bh3 Nd3 63. Bg1 Bb4+ 64. Ka2 (64. Ka4 Nb2#) 64... Be1 65. Be3 Ng4 $17 {[%csl
Rg3]}) (61. Nb1 Nc2+ 62. Ka4 Bb4 63. Bh3 Nh6 $17) 61... Bh6 $11) 60... Kd8 61.
Nd1 Bd2 62. Ne3 Kc7 63. g4 hxg4 64. Nxg4 Nh6 65. Nf6 (65. Nxh6 Bxh6 66. Kc3 Kb6
$11 {[%csl Gc1,Gc2,Rc3,Gd2,Gd3]}) 65... Kd8 66. Ka3 Nc2+ 67. Ka4 (67. Kb2 Be3
68. Bg3 Nd4 $11) 67... Nd4 68. Bd1 Ke7 69. Nh7 Nf7 70. Bg3 Bb4 71. Bf2 Bd2 72.
Bg1 Nh6 (72... Kd8 73. Nf8 Nh8 74. Bg4 Ke7 75. Ne6 Be1 76. Nxd4 exd4 77. h5 $11
) 73. Ng5 Ng8 74. Nf3 Nxf3 75. Bxf3 Be1 76. h5 gxh5 77. Bxh5 Nf6 78. Bf3 Kd7
79. Kb5 Kc7 80. Be3 {This bishop can't attack pawn "a5"} Nd7 81. Bg5 Nb6 82.
Bg4 Bb4 83. Bh5 Be1 84. Be8 Bb4 85. Bc6 Be1 86. Be3 Bb4 87. Bc1 1/2-1/2

[Event "Ubeda op 5th"]
[Site "Ubeda"]
[Date "2000.01.20"]
[Round "2"]
[White "Kovacevic, Slobodan"]
[Black "Minasian, Artashes"]
[Result "0-1"]
[WhiteElo "2415"]
[BlackElo "2598"]
[Annotator "Alterman,B"]
[PlyCount "66"]
[EventDate "2000.01.19"]
[EventType "swiss"]
[EventRounds "10"]
[EventCountry "ESP"]
[SourceTitle "CBM 075"]
[Source "ChessBase"]
[SourceDate "2000.04.05"]
[SourceVersion "1"]
[SourceVersionDate "2000.04.05"]
[SourceQuality "1"]

1. d4 c5 2. c3 e6 3. Nf3 Nc6 4. Bf4 Qb6 5. Qb3 Qxb3 6. axb3 cxd4 7. Nxd4 Nxd4
8. cxd4 Nf6 9. Nc3 Bb4 10. Bd2 $146 (10. f3 d5 11. Kf2 Bd7 12. g4 O-O 13. Bd2
Bc6 14. e3 a6 15. Bd3 e5 16. g5 Nd7 17. Rhg1 f5 18. gxf6 Rxf6 19. Kg2 Kh8 20.
Raf1 $15 {0-1 Jaatinen,P-Joentausta,H/Jyvaskyla 1995/EXT 2000 (32)}) (10. Ra4
a5 11. Bd2 b6 12. f3 Ba6 13. e4 Bxf1 14. Rxf1 d5 15. e5 Nd7 16. Ke2 Rc8 17. Kd3
Ke7 18. Nb5 Bxd2 19. Kxd2 Nb8 20. Nd6 Rc7 21. b4 Nc6 22. Rc1 axb4 23. Rxb4 Rb8
24. Ra4 f6 {Mueller,T-Zaerban,J/Baunatal 1999/EXT 2000/1-0 (45)}) 10... Ke7 11.
e3 d6 12. Be2 (12. Bd3 {[%cal Ge1e2,Gh1c1]}) 12... Bd7 13. Bf3 Rhb8 14. Ne4 (
14. Ke2 $11 {[%cal Gh1c1]}) 14... Nd5 15. Nc3 Nc7 16. Kd1 $2 {[%mdl 16384]} (
16. Na2 Bxd2+ 17. Kxd2 e5 18. Nb4 $11) 16... a5 $1 17. Na4 $6 Ra6 {[%csl Ra4]}
18. Rc1 Kd8 19. Be2 b5 20. Nc3 e5 21. dxe5 dxe5 22. Ne4 (22. Kc2 $1 $15) 22...
Ne6 23. Bxb4 axb4 24. Nc5 Rd6+ 25. Ke1 Nxc5 26. Rxc5 Ra8 27. Bd1 Bf5 28. Ke2
Bd3+ 29. Kf3 e4+ 30. Kg4 Ra1 31. Kf4 Rb1 32. f3 exf3 33. gxf3 Bg6 $138 (33...
Bg6 34. Rxb5 Rdxd1 $19) 0-1

[Event "Chigorin Memorial 07th"]
[Site "St Petersburg"]
[Date "1999.11.05"]
[Round "4"]
[White "Rashkovsky, Nukhim N"]
[Black "Orlov, Andrey"]
[Result "1-0"]
[WhiteElo "2513"]
[BlackElo "2360"]
[Annotator "Alterman,B"]
[PlyCount "101"]
[EventDate "1999.11.02"]
[EventType "swiss"]
[EventRounds "9"]
[EventCountry "RUS"]
[SourceTitle "CBM 074"]
[Source "ChessBase"]
[SourceDate "2000.02.01"]
[SourceVersion "1"]
[SourceVersionDate "2000.02.01"]
[SourceQuality "1"]

{[%mdl 32]} 1. d4 Nf6 2. Nf3 c5 3. d5 d6 4. Nc3 g6 5. e4 Bg7 6. Be2 O-O 7. O-O
Bg4 8. a4 {Infrequent move} (8. Ng5 $5 Bxe2 9. Qxe2 h6 10. Nf3 Na6 11. Rd1 Nd7
12. Bf4 Kh7 13. e5 $14 {1-0 Lein,A-Zaitsev,A/Moscow RUS Central Chess Club
1961 (49)}) (8. Re1 {Better immediately Bg5} Na6 9. Bg5 Nc7 10. a4 Re8 11. Qd2
Rb8 12. Rad1 $6 Nd7 13. Rb1 a6 14. a5 b5 15. b4 $132 {0-1 Popov,V-Lopushnoy,D/
St.Petersburg Petrov 1996 (51)}) (8. h3 Bxf3 9. Bxf3 Na6 (9... Nbd7 10. Re1 a6
11. a4 Ne8 12. Be2 b6 13. Be3 Nc7 14. Qd2 Rb8 15. Bh6 Bxh6 16. Qxh6 e5 17. dxe6
fxe6 18. Rad1 Ne5 19. Qe3 $14 {1/2-1/2 Abramovic,B-Ristic,N/YUG-ch Novi Sad
1995 (48)}) 10. Bg5 (10. Be3 Nd7 11. Be2 Nc7 12. a4 a6 13. Qd2 Re8 14. Ra3 b6
15. Bh6 $14 {1/2-1/2 Lengyel,B-Belotelov,D/Budapest HUN 1999 (51)}) 10... Nc7
11. a4 Nd7 (11... a6 12. Re1 h6 13. Bh4 Nd7 14. Qd2 Rb8 15. a5 Nb5 16. Nxb5
axb5 17. Be2 b4 18. c3 bxc3 19. bxc3 Ra8 20. a6 $132 {0-1 Veresov,G-Taimanov,M/
URS tt 1963 (37)}) 12. Qd2 a6 13. Be2 Rb8 14. a5 b5 15. axb6 Rxb6 16. Nd1 Nf6
17. Bf3 e6 18. c3 Qb8 19. Ra2 $14 {1-0 Podgaets,M-Nisipeanu,L/MK Cafe Cup,
Koszalin POL 1998 (33)}) (8. Bg5 Bxf3 (8... Na6 9. Nd2 Bxe2 10. Qxe2 h6 11. Bh4
Qd7 12. Rad1 Rfe8 13. a4 Nc7 14. Nc4 Qg4 15. Bxf6 Qxe2 16. Nxe2 Bxf6 17. f4
Rad8 18. e5 Bg7 19. Nc3 a6 20. a5 Nb5 $132 {1-0 Eingorn,V-Hickl,J/Zagreb izt
1987 (35)}) (8... Nbd7 9. Nd2 Bxe2 10. Qxe2 Re8 11. f4 h6 12. Bh4 Qb6 13. Nc4
Qa6 14. e5 dxe5 15. fxe5 Nxe5 16. Nxe5 Qxe2 17. Nxe2 Nxd5 18. Bg3 $16 {1-0
Larsen,B-Stein,L/Sousse (izt) 1967/Inf 04 (60)}) 9. Bxf3 Na6 (9... Nbd7 10. Be2
Rc8 11. Re1 c4 12. a4 a6 13. Bf1 b6 14. g3 Rc7 15. Bg2 Nc5 16. Be3 Qb8 17. Bd4
$14 {0-1 O'Kelly,A-Stein,L/La Habana 1968/Inf 06 (29)}) 10. Qd2 Re8 11. a4 Nd7
12. Be2 Nc7 13. f4 Rb8 14. Ra2 Na6 15. Kh1 Qa5 16. Bb5 Rbd8 17. Ra3 Qb4 18. Qe2
Qa5 19. e5 $16 {1-0 Gulko,B-Erdelyi,T/Bern 1992 (35)}) (8. Bf4 Na6 (8... Re8 9.
Re1 a6 10. a4 Nbd7 11. Nd2 Bxe2 12. Qxe2 Nh5 13. Bg5 h6 14. Be3 e5 15. a5 $14 {
1-0 Espig,L-Paehtz,T/Gera 1979 (45)}) (8... Nbd7 9. a4 Bxf3 (9... Qb6 10. Ra3
Nh5 11. Bg5 f6 12. Bc1 Ne5 13. Nh4 Bxe2 14. Qxe2 $16 {1-0 Malaniuk,V-Fries
Nielsen,N/Espergarde PC 1992 (33)}) 10. Bxf3 Ne8 11. Qd2 a6 12. Be2 Nc7 13. a5
Nb5 14. Nxb5 axb5 15. Bxb5 Bxb2 16. Ra4 Bg7 17. Rb1 Ra7 18. Bg5 $14 {1/2-1/2
Ribli,Z-Karlsson,L/Portoroz/Ljubljana 1985 (35)}) (8... Nfd7 9. Nd2 Bxe2 10.
Qxe2 Qb6 11. Rfb1 a6 12. a4 Qc7 13. Ra3 Ra7 14. a5 b5 15. axb6 Nxb6 16. Nd1 Rb7
17. Ne3 $14 {1-0 Tukmakov,V-Popovic,I/Pula op 1994 (40)}) (8... Bxf3 9. Bxf3
Nbd7 10. Be2 Ne8 11. Qd2 Qa5 12. Rfe1 Qb4 13. Nd1 Qxd2 14. Bxd2 Nc7 15. a4 a6
16. a5 Nb5 17. c3 Rfc8 18. g3 Rc7 19. Ne3 e6 20. Nc4 $14 {1-0 Aseev,
K-Borisenko,A/Chigorin mem open, St Petersburg RUS 1997 (35)}) 9. h3 Bxf3 10.
Bxf3 Nd7 11. Be2 Nc7 12. a4 a6 13. Qd2 Rb8 14. Bh6 Bxh6 15. Qxh6 e6 16. dxe6
Nxe6 17. Qd2 Nd4 18. Bd3 b5 19. axb5 axb5 20. Ne2 (20. Nd5 Nb6 $11) 20... Nxe2+
21. Bxe2 $14 {1/2-1/2 Balashov,Y-Fedorowicz,J/Lone Pine 1980 (24)}) 8... Nbd7
9. a5 (9. Nd2 Bxe2 10. Qxe2 a6 11. Nc4 Nb6 12. Nxb6 Qxb6 13. a5 Qc7 14. f3 Nd7
15. Be3 Rfb8 16. Bg5 h6 17. Bd2 b6 18. axb6 Rxb6 $11 {1/2-1/2 Bolduan,M-Momsen,
N/cr ch D teams 1991 (32)}) 9... Ne8 (9... b6 10. a6 $5 (10. axb6 axb6 11. Rxa8
Qxa8 12. h3 Bxf3 13. Bxf3 $14) 10... Ne8 11. h3 (11. Nd2 Bxe2 12. Qxe2 Bxc3 13.
bxc3 Nc7 14. c4 Nb8 15. Bb2 Nbxa6 16. f4 $44 {[%cal Ga1a3,Ga3h3,Gf4f5]}) 11...
Bxf3 12. Bxf3 Nc7 13. Be2 $14) 10. Bg5 (10. h3 Bxf3 11. Bxf3 Nc7 $14) 10... h6
11. Bh4 (11. Be3 $14) 11... Nc7 12. Nd2 (12. h3 Bxf3 13. Bxf3 g5 14. Bg3 Ne5
15. Be2 Ng6 $132) 12... Bxe2 13. Qxe2 b5 (13... f5 {[%cal Gf5f4,Gd7e5]} 14. f4
Bd4+ 15. Kh1 Nf6 {[%csl Rd5]} 16. exf5 gxf5 17. Bxf6 Rxf6 18. Nd1 {[%cal Gc2c3]
} Rf7 19. c3 Bg7 20. Ne3 $14) 14. axb6 (14. Nxb5 $6 Nxb5 15. Qxb5 Rb8 16. Qd3
Rxb2 $11 (16... Ne5 17. Qe2 Rxb2 $11)) 14... Nxb6 (14... axb6 15. Rxa8 Nxa8 16.
Ra1 Nc7 17. Nc4 $14 {[%cal Gb6b5,Gc4a5]}) 15. f4 ({Another plan - to play on
the Queen side:} 15. Nb3) (15. Ra3) 15... Qd7 16. f5 Ne8 (16... g5 17. Bg3 Qd8
{[%csl Ge5][%cal Gb6d7]} 18. h4 $14) 17. fxg6 fxg6 18. Rxf8+ Kxf8 (18... Bxf8
19. Nf3 $14 {[%cal Ge4e5]}) 19. Nf3 e5 $2 {[%csl Rg7] Locking the Bg7 and
conceding white small but resistant advantage.} (19... e6 $5 20. Qd3 Kg8 (20...
exd5 21. Nxd5 $1 (21. exd5 Qg4 22. Rf1 Kg8 $132) 21... Nxd5 22. Qxd5 Nc7 23.
Qb7 $14) 21. Bg3 $14) 20. Nd2 Bf6 21. Bf2 $1 (21. Rf1 Kg7 22. Qf2 Qe7 23. Bg3
Nc7 {And the game white on King side reachs a deadlock.Correctly is to play on
both sides.}) 21... a5 $2 {Tactical blunder!} (21... Rb8 22. Be3 $14) 22. Be3
$2 {White do not use the turned up capability...Too it would be desirable to
put faster B on an ideal position e3.} (22. Nb3 $1 {[%csl Ra5,Rc5]} Bd8 (22...
a4 $2 23. Nxc5 $1 $18) 23. Nxa5 Nxd5 24. Nxd5 Rxa5 25. Rxa5 Bxa5 26. Be3 Kg7
27. Qa6 Bd8 (27... Qa4 28. Qb7+ Kg8 29. h3 $16) 28. c3 Nf6 29. Nxf6 Bxf6 30. b4
$16) 22... Kg7 23. b3 a4 $6 {After this move Orlov receives a strategic lost
position.} (23... Bd8 $16) 24. bxa4 Nxa4 25. Qb5 $1 {White must change rooks
and Queens} Qxb5 26. Nxb5 Nb6 (26... Be7 27. Nc4 $16 {And sometime black it is
necessary to exchange rooks}) 27. Rxa8 Nxa8 28. Nc4 Be7 29. Kf2 Nac7 30. Na7 $1
h5 31. Ke2 Kf7 32. Kd3 Na6 33. Nc8 $1 $18 Nac7 34. Bd2 Nb5 35. Na5 Nf6 (35...
Nec7 36. Nc6 Bf8 37. Ba5 {[%cal Gc2c4]} Ne8 38. Nd8+ Kf6 39. Ne6 Be7 40. c3 $22
$18) 36. Nb7 (36. Nc6 $18) 36... Ne8 37. Ba5 Nd4 38. c3 c4+ 39. Kxc4 Nc2 40.
Kb5 Ne3 41. Kc6 Nxg2 42. Nbxd6+ Nxd6 43. Nxd6+ Kf6 44. Nc4 g5 45. d6 g4 46.
dxe7 Kxe7 47. Nxe5 Ne3 48. Bc7 Nf1 49. Ng6+ Kf6 50. Nh4 Kg5 51. Ng2 {
Educational example!} 1-0

[Event "Petrov Memorial op"]
[Site "St Petersburg"]
[Date "2000.02.15"]
[Round "8"]
[White "Aseev, Konstantin N"]
[Black "Alekseev, Vadim"]
[Result "1-0"]
[WhiteElo "2517"]
[BlackElo "2440"]
[Annotator "Alterman,B"]
[PlyCount "53"]
[EventDate "2000.02.05"]
[EventType "swiss"]
[EventRounds "9"]
[EventCountry "RUS"]
[SourceTitle "CBM 076"]
[Source "ChessBase"]
[SourceDate "2000.05.31"]
[SourceVersion "1"]
[SourceVersionDate "2000.05.31"]
[SourceQuality "1"]

1. d4 c5 2. d5 d6 3. e4 Nf6 4. Nc3 g6 5. Nf3 Bg7 6. Bb5+ Nbd7 7. a4 O-O 8. O-O
a6 9. Be2 b6 10. Re1 Ne8 (10... Rb8 11. Bf1 Qc7 12. Bf4 Ne5 13. h3 Nxf3+ 14.
Qxf3 Nd7 15. Rad1 c4 16. Qe3 Re8 17. Rb1 Bb7 18. Qd2 Rbd8 19. Be3 e6 20. dxe6
fxe6 21. Bd4 Bf8 22. h4 Rc8 23. h5 Qd8 24. hxg6 hxg6 25. Be3 $16 {Wells,
P-Conquest,S/Oakham 1994/EXT 97/1-0 (61)}) 11. Bg5 $146 Nc7 12. Nd2 {[%csl Yc4]
[%cal Gd2c4]} Rb8 {[%cal Gb6b5]} 13. Nc4 Ne5 (13... b5 14. Nxd6 b4 (14... f6
15. Nxc8 fxg5 16. Na7 Bxc3 17. bxc3 Ne5 18. axb5 axb5 19. Qd2 $16) 15. Nxc8
Qxc8 16. Na2 $16) 14. Ne3 {[%cal Gf2f4]} h6 15. Bh4 f5 $6 {[%mdl 16384]
Dubious move.Black is open poition in the Kingside in which white is
concentrated all their pieces.} (15... b5 $5) 16. f4 Nf7 $2 {[%mdl 8192]
Another blunder.Much stronger was} (16... Ng4 17. Nxg4 fxg4 18. Qd2 $14) 17.
exf5 Bd4 {Immideately losing} (17... gxf5 18. Bd3 Nh8 19. Qh5 $18 {[%csl Rf5]})
18. Bd3 Nh8 (18... Bxf5 19. Bxf5 gxf5 20. Qh5 Qd7 21. Qg6+ Kh8 22. Kh1 $18) 19.
Kh1 $18 gxf5 20. Nxf5 {[%csl Re7]} Rxf5 21. Rxe7 {White's attack deserving the
game} Bf6 22. Rxc7 (22. Bxf5 Qxe7 23. Bxf6 Qxf6 24. Qg4+ Qg7 25. Bxc8 $18)
22... Rxf4 23. Bg3 Rg4 24. Bh7+ Kf8 25. Bxd6+ Qxd6 26. Rxc8+ Rxc8 27. Qxg4 {
[%cal Rg4c8,Rg4g8]} 1-0

[Event "Petrov Memorial op"]
[Site "St Petersburg"]
[Date "2000.02.14"]
[Round "7"]
[White "Yevseev, Denis"]
[Black "Moiseenko, Alexander"]
[Result "1/2-1/2"]
[WhiteElo "2496"]
[BlackElo "2573"]
[Annotator "Alterman,B"]
[PlyCount "42"]
[EventDate "2000.02.05"]
[EventType "swiss"]
[EventRounds "9"]
[EventCountry "RUS"]
[SourceTitle "CBM 076"]
[Source "ChessBase"]
[SourceDate "2000.05.31"]
[SourceVersion "1"]
[SourceVersionDate "2000.05.31"]
[SourceQuality "1"]

1. d4 e6 2. e4 c5 3. d5 exd5 4. exd5 d6 5. Nf3 Nf6 6. Bb5+ Bd7 7. a4 Be7 8. O-O
O-O 9. Bxd7 Nbxd7 $146 10. Nc3 Re8 11. Nd2 Bf8 12. f4 {[%csl Ge5] White plays
very ambishiously,however black has a good countreplay in the centre.} (12. Nc4
Ne4 $1 {[%cal Gd8f6]}) 12... a6 13. a5 b5 14. axb6 Nxb6 {[%csl Gd5]} 15. Qf3 (
15. Nf3 Qd7 $11) 15... Qc8 16. f5 {[%mdl 128]} Re5 17. g4 Qe8 $6 {[%mdl 8192]
Interesting was to try} (17... Rb8 $1 18. b3 $1 (18. g5 Nfxd5 19. Nxd5 Rxd5 20.
Nc4 Rd4 $17) 18... c4 $1 $36 (18... Nfxd5 19. Nxd5 Rxd5 20. Nc4 Rd4 21. c3 Rxc4
22. bxc4 Nxc4 $44)) 18. g5 Nfxd5 19. Nc4 Nxc4 20. Nxd5 Rb8 21. Rxa6 Re1 {
[%cal Rc4e5] In this very unpleasant position white accept the black's draw
offer.Not clear as well position after} (21... Nxb2 22. Bf4 Re2 23. f6 Nc4 24.
Ne7+ Rxe7 25. fxe7 Qxe7 $44) 1/2-1/2

[Event "ROM-ch"]
[Site "Iasi"]
[Date "1999.12.13"]
[Round "1"]
[White "Negulescu, Adrian"]
[Black "Nanu, Ciprian Costica"]
[Result "1-0"]
[WhiteElo "2440"]
[BlackElo "2397"]
[Annotator "Alterman,B"]
[PlyCount "53"]
[EventDate "1999.12.13"]
[EventType "tourn"]
[EventRounds "15"]
[EventCountry "ROU"]
[EventCategory "9"]
[SourceTitle "CBM 075"]
[Source "ChessBase"]
[SourceDate "2000.04.05"]
[SourceVersion "1"]
[SourceVersionDate "2000.04.05"]
[SourceQuality "1"]

1. d4 e6 2. e4 c5 3. d5 exd5 4. exd5 d6 5. Nf3 Nf6 6. Nc3 Be7 7. h3 O-O 8. Be2
(8. Bd3 Na6 9. O-O Nc7 10. Re1 b6 11. a4 Bb7 12. Bc4 a6 13. Bg5 h6 14. Bh4 Re8
15. Qd3 Nh5 16. Rxe7 Rxe7 17. Bxe7 Qxe7 18. Re1 Qd7 19. Nh4 Re8 20. Rxe8+ Qxe8
21. Kf1 Bc8 22. Qe4 Qxe4 {Miladinovic,I-Kuzmin,G/Agios Nikolaos 1995/EXT 98/1/
2-1/2 (39)}) 8... Na6 9. Bxa6 {Rare move.Bad black's pawn structure in the
queen side not enough compensation for the good black's development and
powerful bishops.} bxa6 10. Nd2 $146 (10. O-O h6 11. Nd2 Bf5 12. Nc4 Re8 13.
Bf4 Bf8 14. Qd2 Ne4 15. Nxe4 Rxe4 16. b3 Rd4 17. Qc1 Qf6 18. Bg3 Rxd5 19. Ne3
Rd4 20. Nxf5 Qxf5 21. c3 Re4 22. Qa3 Qc8 23. Rad1 Qc6 24. c4 Re2 {Scarella,
E-Szmetan,J/Buenos Aires 1990/EXT 97/1/2-1/2 (43)}) 10... a5 11. O-O Rb8 (11...
Ba6 12. Re1 Nd7 $11) 12. Re1 Re8 (12... Ba6 13. b3 $1 Nd7 14. Bb2 Re8 15. Nce4
Bf8 16. Qf3 $14) 13. Nc4 Ba6 14. Ne3 Bf8 (14... Qd7 15. b3 Bf8 16. Qf3 g6 17.
Bb2 $14) 15. b3 g6 16. Bd2 Bg7 17. Qf3 Rb4 $2 {[%mdl 8192]} (17... Qd7 $1 $11)
18. Ng4 $1 Nxg4 19. Rxe8+ Qxe8 20. hxg4 {[%csl Rd6,Ge1,Ge7][%cal Ga1e1]} Qd7 (
20... Rd4 21. Re1 Qd7 22. Bg5) (20... Rb7 21. Re1 Re7 22. Ne4 $1 $16) 21. Re1
$1 {[%mdl 128]} Rd4 (21... Rxg4 22. Ne4 f5 23. Nxd6 Qxd6 24. Re6 Qd7 25. Rxa6
Re4 26. c4 $16) 22. Bg5 Be5 23. Ne4 f5 24. Nf6+ Bxf6 25. Bxf6 fxg4 26. Qe3 Rxd5
27. Qh6 (27. Qh6 Re5 28. Bxe5 dxe5 29. Qg5 $18) 1-0